| 000 | 00487nam a2200157Ia 4500 | ||
|---|---|---|---|
| 008 | 160316s1996 xxu||||| |||| 00| 0 eng d | ||
| 082 |
_a341.762000 _bSAT |
||
| 100 | _aSatterfield James E. | ||
| 245 | _aEnvironmental law deskbook 1996-1997 edition | ||
| 250 | _a | ||
| 260 |
_aWashington D C _bEnvironmental Law Institute _c1996 |
||
| 300 |
_a920 _b _c |
||
| 365 | _b | ||
| 650 | _a1. Environmental law - judicial review 2. Clean air act 3. Coastal zone managment act | ||
| 700 |
_a _a |
||
| 999 |
_c41742 _d41742 |
||